000 00709nam a2200265Ia 4500
003 OSt
005 20220926013947.0
006 a|||||r|||| 00| 0
007 ta
008 220923b |||||||| |||| 00| 0 eng d
020 _a0470036265
037 _cGeneral Book
040 _aRTL
_cRTL
_beng
041 _2eng
_aeng
082 _aS:5, L4
100 _aAtkinson John W
245 0 _aMotivation and achievement
260 _aNew York
_bJohn Wiley USA
_c1974
300 _axi, 479p
_ccm.
500 _aBibliography: P 439-54
650 _aPsychology
700 _a Raynor Joel O
_986353
942 _hS:5, L4
_cGB
_2CC
999 _c627293
_d627293